000 00533nam a2200193Ia 4500
005 20250923145424.0
008 008 250917s9999 xx 000 0 eng d
037 _aTextual
040 _aDSWL
_beng
_cDSWL
041 _aeng
_2eng
084 _aX:8x2.N6, N67
_qDSWL
245 0 _aProblems of Public administration
_cEd. by D.P.Singh
260 _aBombay
_bAsia Pub House
_c1967
300 _axvi,156 p.
365 _aINR
_b12
925 _g12
942 _cTEXL
_hX:8x2.N6, N67
999 _c1451162
_d1451162